[Event "87o Campeonato Brasileiro Absoluto Final Aberta"]
[Site "Cuiaba MT"]
[Date "2021.10.29"]
[Round "3"]
[Board "67"]
[White "Passos, Rafael Moreira"]
[Black "Ferreira, Thales Bond Dias"]
[Result "1/2-1/2"]
[WhiteElo "1893"]
[BlackElo "1805"]
[PlyCount "54"]
[EventDate "2021.10.28"]
[EventRounds "11"]
[EventCountry "BRA"]

1. d4 Nf6 2. c4 e6 3. g3 Bb4+ 4. Bd2 Bxd2+ 5. Qxd2 d5 6. Bg2 O-O 7. Nf3 c6 8.
O-O Nbd7 9. Qc2 Re8 10. Nbd2 b6 11. e4 dxe4 12. Nxe4 Nxe4 13. Qxe4 Bb7 14. Ne5
Nf6 15. Qf4 Rc8 16. Rad1 Qe7 17. Rfe1 c5 18. Bxb7 Qxb7 19. dxc5 bxc5 20. Rd2
Red8 21. Red1 Rxd2 22. Rxd2 h6 23. g4 Qc7 24. Qe3 Rd8 25. Rxd8+ Qxd8 26. Qxc5
Qd1+ 27. Kg2 Nxg4  1/2-1/2

[Event "87o Campeonato Brasileiro Absoluto Final Aberta"]
[Site "Cuiaba MT"]
[Date "2021.10.29"]
[Round "3"]
[Board "68"]
[White "De Souza, Eliel Martins"]
[Black "Cardoso, Marcio De Lucca"]
[Result "0-1"]
[WhiteElo "1709"]
[BlackElo "1892"]
[PlyCount "30"]
[EventDate "2021.10.28"]
[EventRounds "11"]
[EventCountry "BRA"]

1. e4 c5 2. Nf3 e6 3. d4 cxd4 4. Nxd4 a6 5. Nc3 Qc7 6. Be2 Nf6 7. Bg5 Bb4 8.
Qd2 Nxe4 9. Qd3 Nxg5 10. a3 Bxc3+ 11. Qxc3 Qxc3+ 12. bxc3 Ne4 13. c4 Nc6 14.
O-O-O Nxf2 15. Nxc6 bxc6  0-1

[Event "87o Campeonato Brasileiro Absoluto Final Aberta"]
[Site "Cuiaba MT"]
[Date "2021.10.29"]
[Round "3"]
[Board "72"]
[White "Proudian, Armen"]
[Black "Da Cruz, Emerson"]
[Result "1-0"]
[WhiteElo "2427"]
[BlackElo "1623"]
[PlyCount "37"]
[EventDate "2021.10.28"]
[EventRounds "11"]
[EventCountry "BRA"]

1. e4 c5 2. Nf3 d6 3. d4 cxd4 4. Nxd4 Nf6 5. Nc3 a6 6. Be3 e5 7. Nb3 Be6 8. Qd2
Nbd7 9. f4 g6 10. O-O-O Ng4 11. g3 Nxe3 12. Qxe3 b5 13. Kb1 b4 14. Nd5 Rb8 15.
Bxa6 Bg7 16. f5 gxf5 17. exf5 Bxf5 18. Nd4 Be6 19. Nc6  1-0

[Event "87o Campeonato Brasileiro Absoluto Final Aberta"]
[Site "Cuiaba MT"]
[Date "2021.10.29"]
[Round "3"]
[Board "73"]
[White "Silva, Lucas Henrique Da"]
[Black "Bocca, Edson Ricardo"]
[Result "1-0"]
[WhiteElo "2158"]
[BlackElo "1617"]
[PlyCount "85"]
[EventDate "2021.10.28"]
[EventRounds "11"]
[EventCountry "BRA"]

1. e4 e5 2. Bc4 d6 3. Nf3 h6 4. O-O Nc6 5. c3 Be6 6. Bxe6 fxe6 7. Qb3 Qd7 8.
Qxb7 Rb8 9. Qa6 Be7 10. Qe2 Bf6 11. Rd1 Nge7 12. d4 O-O 13. Na3 Ng6 14. Nc4 Qf7
15. g3 d5 16. dxe5 dxc4 17. exf6 Qxf6 18. Nd4 Nce5 19. f4 Nd3 20. e5 Qf7 21. b3
Nxc1 22. Rdxc1 cxb3 23. axb3 c5 24. Nb5 Qb7 25. Nd6 Qxb3 26. Qd3 Ne7 27. Rxa7
Nf5 28. Nxf5 exf5 29. Qd7 Rf7 30. Qxf7+ Qxf7 31. Rxf7 Kxf7 32. Rd1 Ke7 33. Rd5
Rc8 34. Kf2 Rc6 35. Ke3 Ke6 36. Rd8 g5 37. Rf8 Kd5 38. Kd3 c4+ 39. Ke3 gxf4+
40. Kxf4 Rb6 41. Rd8+ Kc5 42. Kxf5 Rb3 43. e6  1-0

[Event "87o Campeonato Brasileiro Absoluto Final Aberta"]
[Site "Cuiaba MT"]
[Date "2021.10.29"]
[Round "3"]
[Board "74"]
[White "Barbosa Filho, Lucio De Sa"]
[Black "Almeida, Tiago De"]
[Result "1/2-1/2"]
[WhiteElo "1909"]
[BlackElo "1943"]
[PlyCount "131"]
[EventDate "2021.10.28"]
[EventRounds "11"]
[EventCountry "BRA"]

1. c4 b6 2. Nc3 Bb7 3. d4 Nf6 4. Bg5 e6 5. e3 Be7 6. Nf3 O-O 7. Be2 d5 8. O-O
Nbd7 9. Rc1 c5 10. cxd5 Nxd5 11. Bxe7 Qxe7 12. Nxd5 Bxd5 13. Bc4 Bb7 14. Qe2
Qf6 15. Ba6 Bxf3 16. Qxf3 Qxf3 17. gxf3 cxd4 18. exd4 Nf6 19. Bb7 Rad8 20. Rc4
Rd7 21. Bc6 Rd6 22. b4 Rfd8 23. Rd1 g6 24. b5 e5 25. d5 Nxd5 26. Rxd5 Rxd5 27.
Bxd5 Rxd5 28. Rc7 Rxb5 29. Rxa7 Kg7 30. Rb7 Kf6 31. a4 Rb4 32. Ra7 h5 33. Ra6
Kf5 34. a5 bxa5 35. Rxa5 g5 36. Kg2 Kf4 37. Ra3 f5 38. h3 Rd4 39. Rb3 g4 40.
hxg4 hxg4 41. fxg4 Kxg4 42. Rg3+ Kh4 43. Rg8 Rg4+ 44. Rxg4+ Kxg4 45. f3+ Kg5
46. Kg3 f4+ 47. Kg2 Kf5 48. Kf1 Ke6 49. Ke2 Kd5 50. Kd3 Kd6 51. Kd2 Ke6 52. Ke2
Kf6 53. Kf2 Ke7 54. Ke1 Kd7 55. Kd1 Kc7 56. Kc1 Kb6 57. Kd2 Kc6 58. Kc2 Kd6 59.
Kd2 Ke6 60. Ke2 Kf5 61. Kf1 e4 62. fxe4+ Ke5 63. Kf2 Kxe4 64. Ke2 f3+ 65. Kf2
Kf4 66. Kf1  1/2-1/2

[Event "87o Campeonato Brasileiro Absoluto Final Aberta"]
[Site "Cuiaba MT"]
[Date "2021.10.29"]
[Round "3"]
[Board "75"]
[White "De Souza Monteiro, Marcos Paulo"]
[Black "Paniago, Lucio Erloiny Silva"]
[Result "1-0"]
[WhiteElo "1942"]
[BlackElo "1493"]
[PlyCount "41"]
[EventDate "2021.10.28"]
[EventRounds "11"]
[EventCountry "BRA"]

1. d4 d5 2. c4 e6 3. Nc3 Nf6 4. cxd5 exd5 5. Bg5 Be7 6. e3 h6 7. Bh4 c6 8. Bd3
O-O 9. Nge2 Ne4 10. Bxe7 Qxe7 11. Bxe4 dxe4 12. O-O Bg4 13. Qc2 f5 14. Qb3+ Kh7
15. Nf4 g5 16. Ne6 Re8 17. d5 Qf7 18. dxc6 Rxe6 19. cxb7 Bf3 20. bxa8=Q Qh5 21.
Qxe6  1-0

[Event "87o Campeonato Brasileiro Absoluto Final Aberta"]
[Site "Cuiaba MT"]
[Date "2021.10.29"]
[Round "3"]
[Board "76"]
[White "Moyses Sobrinho, Elias"]
[Black "Olivo, Anibal Ribeiro"]
[Result "1-0"]
[WhiteElo "1858"]
[BlackElo "1588"]
[PlyCount "123"]
[EventDate "2021.10.28"]
[EventRounds "11"]
[EventCountry "BRA"]

1. d4 Nf6 2. c4 g6 3. Nc3 Bg7 4. e4 d6 5. Nf3 O-O 6. Be2 e5 7. dxe5 dxe5 8.
Qxd8 Rxd8 9. Bg5 Re8 10. Nd5 Nxd5 11. cxd5 c6 12. Bc4 cxd5 13. Bxd5 Nd7 14. O-O
Nc5 15. Rac1 Nd3 16. Rc7 Be6 17. Bxe6 Rxe6 18. Rxb7 Rc6 19. Rd1 Nc5 20. Rb4 Rb6
21. Rc4 Ne6 22. b3 Nxg5 23. Nxg5 h6 24. Nf3 Rab8 25. g3 R8b7 26. Rd5 f6 27. Ra5
Rd6 28. Rca4 Rdd7 29. Ra6 Kf7 30. Rc4 Bf8 31. Rcc6 Be7 32. g4 Rd3 33. Kg2 Rbd7
34. h4 R3d6 35. g5 hxg5 36. hxg5 Rxc6 37. Rxc6 Rd6 38. Rc7 Ra6 39. a4 Ke6 40.
gxf6 Kxf6 41. Nd2 Bd6 42. Rb7 Bc5 43. Nc4 Bd4 44. Kf3 Rc6 45. Ke2 Ke6 46. Rb5
a6 47. Rd5 g5 48. Kf3 Kf6 49. Kg4 Re6 50. f3 Rc6 51. Rd8 Kf7 52. Kxg5 Rg6+ 53.
Kh5 Rg3 54. b4 Rxf3 55. Rxd4 Rg3 56. Nxe5+ Ke6 57. Ng4 Ra3 58. a5 Rb3 59. Kg5
Rf3 60. Rc4 Kd6 61. e5+ Kd5 62. Rc5+  1-0

[Event "87o Campeonato Brasileiro Absoluto Final Aberta"]
[Site "Cuiaba MT"]
[Date "2021.10.29"]
[Round "3"]
[Board "78"]
[White "Paludo, Nicolas Luis Escarantte"]
[Black "Vargas, Roberto Carlos Melgarejo"]
[Result "1/2-1/2"]
[WhiteElo "1821"]
[BlackElo "1722"]
[PlyCount "71"]
[EventDate "2021.10.28"]
[EventRounds "11"]
[EventCountry "BRA"]

1. e4 c5 2. Nf3 g6 3. d4 cxd4 4. Nxd4 Nc6 5. Nxc6 bxc6 6. Nc3 Bg7 7. Be3 d6 8.
Be2 Nf6 9. Qd2 O-O 10. Bh6 Rb8 11. Bxg7 Kxg7 12. Rb1 Qa5 13. O-O Ba6 14. Bxa6
Qxa6 15. Qd3 Qb6 16. Kh1 Ng4 17. Qg3 Ne5 18. Ne2 Qc5 19. f4 Qxc2 20. fxe5 Qxe2
21. exd6 exd6 22. Qxd6 Qxe4 23. Rbe1 Qd5 24. Qf6+ Kg8 25. a3 Rfe8 26. Rd1 Qe6
27. Qxe6 Rxe6 28. Rf2 Rbe8 29. g3 Re1+ 30. Rxe1 Rxe1+ 31. Kg2 Kf8 32. Rc2 Re6
33. Kf3 Ke7 34. Rc5 Kd6 35. b4 Re5 36. Rc4  1/2-1/2

[Event "87o Campeonato Brasileiro Absoluto Final Aberta"]
[Site "Cuiaba MT"]
[Date "2021.10.29"]
[Round "3"]
[Board "81"]
[White "De Oliveira, Tobias Luiz Carvalho"]
[Black "Sopko, Cassio Roberto"]
[Result "0-1"]
[WhiteElo "1198"]
[BlackElo "1877"]
[PlyCount "40"]
[EventDate "2021.10.28"]
[EventRounds "11"]
[EventCountry "BRA"]

1. e4 e5 2. Nf3 Nf6 3. Nxe5 d6 4. Nf3 Nxe4 5. Nc3 Nxc3 6. dxc3 Be7 7. Be3 Nc6
8. Qd2 Be6 9. Bd3 Qd7 10. Qe2 a6 11. a3 O-O 12. O-O-O b5 13. Nd4 Ne5 14. f3
Nxd3+ 15. Qxd3 Bf6 16. Nxe6 Qxe6 17. Bd4 Bxd4 18. Qxd4 Rfe8 19. Rhe1 Qh6+ 20.
Kb1 Qxh2  0-1

[Event "87o Campeonato Brasileiro Absoluto Final Aberta"]
[Site "Cuiaba MT"]
[Date "2021.10.29"]
[Round "3"]
[Board "82"]
[White "Nunes, Gustavo Morais"]
[Black "Fonseca, Rogerio Da Silva"]
[Result "1-0"]
[WhiteElo "1819"]
[BlackElo "1220"]
[PlyCount "71"]
[EventDate "2021.10.28"]
[EventRounds "11"]
[EventCountry "BRA"]

1. d4 d5 2. c4 c5 3. dxc5 e5 4. cxd5 Bxc5 5. e4 Qf6 6. Nf3 Ne7 7. Bb5+ Bd7 8.
Qe2 O-O 9. O-O a6 10. Bxd7 Nxd7 11. Nc3 Ng6 12. g3 b5 13. Be3 Bxe3 14. Qxe3 Qd6
15. Rac1 Nb6 16. b3 f5 17. exf5 Rxf5 18. Ne4 Qd8 19. d6 Nd5 20. Qd3 Ndf4 21.
gxf4 Nxf4 22. Qe3 Rc8 23. Rxc8 Qxc8 24. Nxe5 Nd5 25. Qd4 Qe6 26. d7 Rxe5 27.
d8=Q+ Kf7 28. Ng3 Nf6 29. Qc7+ Nd7 30. Qdxd7+ Qe7 31. Qxe7+ Rxe7 32. Qf4+ Kg8
33. Rd1 h6 34. Rd8+ Kh7 35. Qf5+ g6 36. Qf8  1-0

[Event "87o Campeonato Brasileiro Absoluto Final Aberta"]
[Site "Cuiaba MT"]
[Date "2021.10.29"]
[Round "3"]
[Board "83"]
[White "Fogaca, Vinicius"]
[Black "Da Silva Santos, Jarlison"]
[Result "0-1"]
[WhiteElo "1776"]
[BlackElo "1774"]
[PlyCount "100"]
[EventDate "2021.10.28"]
[EventRounds "11"]
[EventCountry "BRA"]

1. d4 d6 2. c4 Nf6 3. Nc3 Bf5 4. f3 e6 5. e4 Bg6 6. Nge2 Be7 7. Be3 O-O 8. Qd2
Nbd7 9. g4 c5 10. Ng3 cxd4 11. Bxd4 Ne5 12. Be2 Rc8 13. h4 h5 14. Bxe5 dxe5 15.
g5 Qxd2+ 16. Kxd2 Rfd8+ 17. Kc2 Nd7 18. Rhd1 Nb8 19. Bd3 Nc6 20. Nce2 Bc5 21.
a3 Bf2 22. Rf1 Bc5 23. Rad1 a5 24. Kb3 Rd7 25. Nh1 Rcd8 26. Kc3 f5 27. Kc2 Nd4+
28. Nxd4 Bxd4 29. Nf2 f4 30. b4 axb4 31. axb4 Ra8 32. Kb3 b6 33. c5 bxc5 34.
Bc4 Kf7 35. Nd3 cxb4 36. Nxe5+ Bxe5 37. Rxd7+ Ke8 38. Rb7 Bc3 39. Bxe6 Ra6 40.
Bd7+ Kf8 41. e5 Bd3 42. Ba4 Bxf1 43. Rb8+ Ke7 44. Rb7+ Ke6 45. Rxg7 Kxe5 46.
Rh7 Be2 47. Rxh5 Bd1+ 48. Kc4 Bxa4 49. g6+ Kf6 50. Rh6 Kg7  0-1

[Event "87o Campeonato Brasileiro Absoluto Final Aberta"]
[Site "Cuiaba MT"]
[Date "2021.10.29"]
[Round "3"]
[Board "84"]
[White "Assad, Leonardo Vaz De Figueiredo"]
[Black "De Carvalho, Amauri"]
[Result "1-0"]
[WhiteElo "1745"]
[BlackElo "1188"]
[PlyCount "85"]
[EventDate "2021.10.28"]
[EventRounds "11"]
[EventCountry "BRA"]

1. c4 Nf6 2. Nf3 c5 3. g3 g6 4. Bg2 Nc6 5. O-O Bg7 6. d4 cxd4 7. Nxd4 O-O 8.
Nc3 Nxd4 9. Qxd4 Ne8 10. Qd3 e6 11. e4 Qb6 12. Rb1 Qd6 13. Qe2 Qc7 14. Bf4 Qd8
15. Qd2 Nf6 16. Bd6 Qb6 17. Bxf8 Bxf8 18. e5 Ne8 19. h4 h5 20. Kh2 Ng7 21. Qe2
Nf5 22. Ne4 Be7 23. Bh3 Nd4 24. Qe3 Nc2 25. Qh6 Qd8 26. Qd2 Nb4 27. a3 Nc6 28.
f4 Kg7 29. b4 f5 30. exf6+ Bxf6 31. Rbd1 Qc7 32. Nd6 Qd8 33. Nxc8 Qxc8 34.
Qxd7+ Ne7 35. Bxe6 Qxd7 36. Rxd7 Kf8 37. Rxb7 a6 38. Rd1 Nf5 39. Rf7+ Ke8 40.
Rxf6 Ke7 41. Rxg6 Ne3 42. Rd7+ Kf8 43. Rf7+  1-0

[Event "87o Campeonato Brasileiro Absoluto Final Aberta"]
[Site "Cuiaba MT"]
[Date "2021.10.29"]
[Round "3"]
[Board "85"]
[White "Bueno, Marcos Antonio Ferreira"]
[Black "Sovinski, Marcos Roberto"]
[Result "1-0"]
[WhiteElo "1661"]
[BlackElo "1800"]
[PlyCount "73"]
[EventDate "2021.10.28"]
[EventRounds "11"]
[EventCountry "BRA"]

1. Nf3 Nf6 2. g3 g6 3. Bg2 Bg7 4. O-O O-O 5. d3 d6 6. e4 Nc6 7. Nbd2 d5 8. e5
Nd7 9. d4 e6 10. Re1 f6 11. exf6 Nxf6 12. c3 b6 13. Ng5 Re8 14. Bh3 e5 15. dxe5
Nxe5 16. Bg2 Rb8 17. Nf1 Bg4 18. f3 Bc8 19. Bf4 Nh5 20. Bxe5 Bxe5 21. f4 Bf6
22. Rxe8+ Qxe8 23. Qxd5+ Kg7 24. Qd2 Bf5 25. Re1 Qd8 26. Qe2 Bxg5 27. fxg5 Qxg5
28. Qe5+ Qf6 29. Qxc7+ Kh6 30. Qxb8 Qf7 31. b3 Nf6 32. Ne3 Kg7 33. Qe5 Qe6 34.
Nxf5+ Qxf5 35. Qe7+ Kh6 36. Rf1 Qd7 37. Qxf6  1-0

[Event "87o Campeonato Brasileiro Absoluto Final Aberta"]
[Site "Cuiaba MT"]
[Date "2021.10.29"]
[Round "3"]
[Board "86"]
[White "Campos, Otavio Moraes"]
[Black "Peres, Wallafe Moreira"]
[Result "1-0"]
[WhiteElo "1619"]
[BlackElo "1770"]
[PlyCount "59"]
[EventDate "2021.10.28"]
[EventRounds "11"]
[EventCountry "BRA"]

1. d4 f5 2. Nf3 Nf6 3. Bf4 e6 4. h3 Bb4+ 5. c3 Ba5 6. e3 O-O 7. Bd3 Nc6 8. Nbd2
d5 9. Ne5 Ne4 10. g4 Qh4 11. Qe2 Nxe5 12. Bxe4 fxe4 13. Bxe5 Bd7 14. Bg3 Qe7
15. O-O-O Rac8 16. h4 c5 17. h5 cxd4 18. exd4 Ba4 19. Nb3 Bxc3 20. bxc3 Qa3+
21. Qb2 Rxc3+ 22. Kb1 Qb4 23. Bd6 Qxd6 24. Qxc3 Bxb3 25. axb3 Rxf2 26. Rdf1 Qf4
27. Qc8+ Kf7 28. Qd7+ Kf8 29. Rxf2 Qxf2 30. Rc1  1-0

[Event "87o Campeonato Brasileiro Absoluto Final Aberta"]
[Site "Cuiaba MT"]
[Date "2021.10.29"]
[Round "3"]
[Board "87"]
[White "Goetten Wagner, Julia"]
[Black "Cinta Larga, Carlos Eduardo Dos Santos"]
[Result "1-0"]
[WhiteElo "1606"]
[BlackElo "1742"]
[PlyCount "93"]
[EventDate "2021.10.28"]
[EventRounds "11"]
[EventCountry "BRA"]

1. e4 e5 2. Nf3 Nc6 3. Bb5 d6 4. c3 Bd7 5. O-O Nf6 6. Re1 a6 7. Ba4 Be7 8. d4
exd4 9. cxd4 O-O 10. Nc3 b5 11. Bc2 Bg4 12. a3 Bxf3 13. gxf3 Re8 14. Qd3 g6 15.
Kh1 Bf8 16. Rg1 Bg7 17. Bg5 Qd7 18. Rad1 Nxd4 19. Qxd4 Nxe4 20. Qxe4 Rxe4 21.
fxe4 Bxc3 22. bxc3 Qc6 23. Rg3 Qc5 24. Kg2 Qxa3 25. Bf6 a5 26. Bd3 Qc5 27. Rg5
Qc6 28. Rxb5 d5 29. e5 d4+ 30. Kg1 dxc3 31. Rdb1 Re8 32. Bc2 a4 33. R5b4 Qf3
34. Bxa4 c2 35. Bxc2 h5 36. Be4 Qg4+ 37. Bg2 Qf5 38. R1b3 g5 39. Rb8 Qd7 40.
Bf3 Kh7 41. Bxh5 g4 42. Rxe8 Qxe8 43. Bxg4 c5 44. Rh3+ Kg6 45. f4 Qxe5 46. Bxe5
f5 47. Bh5+  1-0

[Event "87o Campeonato Brasileiro Absoluto Final Aberta"]
[Site "Cuiaba MT"]
[Date "2021.10.29"]
[Round "3"]
[Board "88"]
[White "Rosa, Diego Jesus Vieira"]
[Black "Cymbalista, Eduardo Cymrot"]
[Result "0-1"]
[WhiteElo "1558"]
[BlackElo "1735"]
[PlyCount "76"]
[EventDate "2021.10.28"]
[EventRounds "11"]
[EventCountry "BRA"]

1. e4 e5 2. Nf3 Nc6 3. Bb5 Bc5 4. c3 Nf6 5. d4 exd4 6. cxd4 Bb4+ 7. Bd2 Nxe4 8.
Qe2 Qe7 9. Bxc6 Nxd2 10. Qxe7+ Kxe7 11. Nbxd2 dxc6 12. O-O Be6 13. a3 Bxd2 14.
Nxd2 Rad8 15. Nf3 f6 16. Rfe1 Kf7 17. Re3 Bg4 18. Rd1 Rhe8 19. Rb3 Bxf3 20.
gxf3 b6 21. Rc1 Re6 22. Re3 Rxd4 23. Rxe6 Kxe6 24. Rxc6+ Kd7 25. Rc2 Kd6 26.
Kf1 c5 27. Ke2 Rh4 28. Ke3 Rxh2 29. Rc4 Rh5 30. Rg4 Re5+ 31. Kd3 g5 32. Ra4 a5
33. b4 Kc6 34. bxc5 Rxc5 35. Re4 Rd5+ 36. Kc3 h5 37. Re7 Rf5 38. Re6+ Kc5  0-1

[Event "87o Campeonato Brasileiro Absoluto Final Aberta"]
[Site "Cuiaba MT"]
[Date "2021.10.29"]
[Round "3"]
[Board "89"]
[White "Marquezini, Paulo Eduardo Seben"]
[Black "Farias, Sergio Luiz Cardoso"]
[Result "1-0"]
[WhiteElo "1760"]
[BlackElo "1543"]
[PlyCount "97"]
[EventDate "2021.10.28"]
[EventRounds "11"]
[EventCountry "BRA"]

1. e4 e5 2. Nf3 Nc6 3. Bc4 d6 4. d4 exd4 5. Nxd4 Nf6 6. Nc3 Ne5 7. Bb3 Bg4 8.
f3 Bh5 9. O-O a6 10. Bg5 Be7 11. Nf5 h6 12. Bxf6 Bxf6 13. Nd5 Nd7 14. Nxf6+
Qxf6 15. c3 Nc5 16. Bd5 c6 17. Bc4 Rd8 18. Re1 O-O 19. Qd4 Qe5 20. f4 Qxd4+ 21.
Nxd4 Rfe8 22. e5 d5 23. Bf1 Na4 24. Rab1 c5 25. Nc2 Bg6 26. Re2 d4 27. Rf2 d3
28. f5 Bh5 29. Ne3 d2 30. Nc4 d1=Q 31. Rxd1 Rxd1 32. e6 f6 33. Ne3 Rb1 34. g4
Nxb2 35. gxh5 Nd3 36. Rd2 Nf4 37. Kf2 Nxh5 38. Kf3 g6 39. fxg6 Ng7 40. Rd7 b5
41. e7 Rxf1+ 42. Nxf1 Nf5 43. Rd8 Nd6 44. Rxd6 Rxe7 45. Rxa6 Kg7 46. Ng3 Kxg6
47. Rb6 c4 48. h4 h5 49. Ne4  1-0

[Event "87o Campeonato Brasileiro Absoluto Final Aberta"]
[Site "Cuiaba MT"]
[Date "2021.10.30"]
[Round "4"]
[Board "1"]
[White "Oliveira, Silvio Eduardo"]
[Black "Supi, Luis Paulo"]
[Result "0-1"]
[WhiteElo "2321"]
[BlackElo "2572"]
[PlyCount "72"]
[EventDate "2021.10.28"]
[EventRounds "11"]
[EventCountry "BRA"]

1. e4 c5 2. Nf3 d6 3. d4 cxd4 4. Nxd4 Nf6 5. Nc3 Nc6 6. Bg5 e6 7. Qd2 a6 8.
O-O-O Be7 9. h4 Nxd4 10. Qxd4 h6 11. Bxf6 Bxf6 12. Qxd6 Qxd6 13. Rxd6 Bd7 14.
f4 g5 15. hxg5 hxg5 16. Rxh8+ Bxh8 17. g3 Ke7 18. Rd1 gxf4 19. gxf4 Rg8 20. Bd3
Bd4 21. Kb1 Be3 22. f5 Bc6 23. a3 Kf6 24. Re1 Rg1 25. Rxg1 Bxg1 26. fxe6 fxe6
27. Ne2 Ba7 28. c4 Ke5 29. Nc3 Bd4 30. Kc2 a5 31. b4 b6 32. Kd2 Bf2 33. Nd1 Bg1
34. Nc3 Bd4 35. Kc2 Be3 36. Nd1 Ba4+  0-1

[Event "87o Campeonato Brasileiro Absoluto Final Aberta"]
[Site "Cuiaba MT"]
[Date "2021.10.30"]
[Round "4"]
[Board "2"]
[White "Fier, Alexandr"]
[Black "Cunha, Lucas Aguiar"]
[Result "1-0"]
[WhiteElo "2563"]
[BlackElo "2290"]
[PlyCount "51"]
[EventDate "2021.10.28"]
[EventRounds "11"]
[EventCountry "BRA"]

1. e4 c5 2. Nf3 Nc6 3. d4 cxd4 4. Nxd4 e6 5. Nc3 Qc7 6. Be3 a6 7. Qd2 Nf6 8.
O-O-O Be7 9. f3 O-O 10. g4 b5 11. g5 Nh5 12. Nce2 Rd8 13. Ng3 Nxd4 14. Nxh5
Nxf3 15. Qf2 Ne5 16. Bb6 Qb8 17. Kb1 Bb7 18. Bg2 d6 19. Rhf1 Kh8 20. Bd4 Rf8
21. Qh4 Rg8 22. Bxe5 dxe5 23. Rd7 Bd8 24. Rfxf7 Bc6 25. Nxg7 Bxg5 26. Nf5  1-0

[Event "87o Campeonato Brasileiro Absoluto Final Aberta"]
[Site "Cuiaba MT"]
[Date "2021.10.30"]
[Round "4"]
[Board "3"]
[White "Labussiere, Victor"]
[Black "Mekhitarian, Krikor Sevag"]
[Result "0-1"]
[WhiteElo "2291"]
[BlackElo "2560"]
[PlyCount "68"]
[EventDate "2021.10.28"]
[EventRounds "11"]
[EventCountry "BRA"]

1. Nf3 d5 2. d4 Bf5 3. c4 e6 4. Nc3 Nf6 5. Nh4 Be4 6. f3 c5 7. e3 cxd4 8. exd4
Bg6 9. Qb3 Qd7 10. Nxg6 hxg6 11. c5 Nc6 12. Be3 Be7 13. Qa4 O-O 14. Be2 Qc7 15.
f4 a6 16. Bf3 b6 17. b4 a5 18. b5 Nb4 19. Qd1 bxc5 20. a3 c4 21. axb4 axb4 22.
Ne2 Qb7 23. O-O Rxa1 24. Qxa1 Ra8 25. Qb2 Qxb5 26. Ra1 Ra5 27. Kf2 Qa6 28. Rxa5
Qxa5 29. Nc1 b3 30. Bd2 Ba3 31. Bxa5 Bxb2 32. Ne2 Bxd4+ 33. Ke1 b2 34. Nc3
Bxc3+  0-1

[Event "87o Campeonato Brasileiro Absoluto Final Aberta"]
[Site "Cuiaba MT"]
[Date "2021.10.30"]
[Round "4"]
[Board "4"]
[White "Guimaraes, Diogo Duarte"]
[Black "Lima, Darcy"]
[Result "1/2-1/2"]
[WhiteElo "2264"]
[BlackElo "2508"]
[PlyCount "84"]
[EventDate "2021.10.28"]
[EventRounds "11"]
[EventCountry "BRA"]

1. e4 c5 2. Nf3 Nc6 3. d4 cxd4 4. Nxd4 Nf6 5. Nc3 d6 6. Be3 e5 7. Nf3 h6 8. Bc4
Be7 9. O-O O-O 10. h3 Na5 11. Bd5 Nxd5 12. Nxd5 Nc4 13. Bc1 Nb6 14. Nxe7+ Qxe7
15. b3 Nd7 16. Ba3 Nc5 17. Bxc5 dxc5 18. Qd5 Re8 19. Rfd1 Rb8 20. Qd6 Qxd6 21.
Rxd6 b6 22. Rad1 Bb7 23. Nd2 Rbd8 24. Nc4 Rxd6 25. Nxd6 Rd8 26. Rd3 Ba6 27. c4
Bb7 28. f3 a6 29. Kf2 g6 30. Ke3 Ba8 31. f4 exf4+ 32. Kxf4 Kf8 33. e5 Bxg2 34.
h4 h5 35. Kg5 Ke7 36. Rd2 Bh3 37. Rf2 Be6 38. a4 Rf8 39. Rf6 Rd8 40. Rf3 Rf8
41. Rf6 Rd8 42. Rf3 Rf8  1/2-1/2

[Event "87o Campeonato Brasileiro Absoluto Final Aberta"]
[Site "Cuiaba MT"]
[Date "2021.10.30"]
[Round "4"]
[Board "5"]
[White "Nogueira, Ivan Kuhlmann"]
[Black "Di Berardino, Diego Rafael"]
[Result "0-1"]
[WhiteElo "2237"]
[BlackElo "2471"]
[PlyCount "66"]
[EventDate "2021.10.28"]
[EventRounds "11"]
[EventCountry "BRA"]

1. d4 Nf6 2. Nc3 d5 3. Bg5 Nbd7 4. Nf3 e6 5. e4 h6 6. Bh4 g5 7. Bg3 Nxe4 8.
Nxe4 dxe4 9. Nd2 Bg7 10. Qe2 Nb6 11. c3 Bd7 12. h4 Bc6 13. hxg5 hxg5 14. Rxh8+
Bxh8 15. Qh5 Bf6 16. Qh7 Qd5 17. Nc4 Nxc4 18. Bxc4 Qxc4 19. Qg8+ Kd7 20. Qxa8
Bb5 21. O-O-O Ba4 22. Qxb7 Bxd1 23. Kxd1 e3 24. fxe3 Qd3+ 25. Ke1 Qxe3+ 26. Kf1
Qxg3 27. Qb5+ c6 28. Qa6 Qb8 29. Kg1 Qb6 30. Qf1 Ke7 31. b4 Qb5 32. Qf3 Qc4 33.
Qg3 Kf8  0-1

[Event "87o Campeonato Brasileiro Absoluto Final Aberta"]
[Site "Cuiaba MT"]
[Date "2021.10.30"]
[Round "4"]
[Board "6"]
[White "Quintiliano Pinto, Renato R."]
[Black "Aranha Filho, Alvaro Z."]
[Result "1/2-1/2"]
[WhiteElo "2469"]
[BlackElo "2236"]
[PlyCount "55"]
[EventDate "2021.10.28"]
[EventRounds "11"]
[EventCountry "BRA"]

1. d4 Nf6 2. c4 e6 3. Nf3 d5 4. Nc3 Be7 5. Bf4 O-O 6. e3 b6 7. cxd5 Nxd5 8.
Nxd5 Qxd5 9. Bd3 Qa5+ 10. Ke2 c5 11. a3 Ba6 12. b4 Bxd3+ 13. Qxd3 Qa4 14. Rhc1
Nd7 15. Bg5 f6 16. Bf4 Rfc8 17. Qe4 Nf8 18. Qb7 Qd7 19. Qxd7 Nxd7 20. b5 Kf7
21. a4 cxd4 22. exd4 Rxc1 23. Rxc1 a6 24. Rc7 Ke8 25. Rc6 axb5 26. axb5 Kf7 27.
Rc7 Ke8 28. Rc6  1/2-1/2

[Event "87o Campeonato Brasileiro Absoluto Final Aberta"]
[Site "Cuiaba MT"]
[Date "2021.10.30"]
[Round "4"]
[Board "7"]
[White "Gauche, Charles"]
[Black "Umetsubo, Cesar Hidemitsu"]
[Result "0-1"]
[WhiteElo "2155"]
[BlackElo "2379"]
[PlyCount "74"]
[EventDate "2021.10.28"]
[EventRounds "11"]
[EventCountry "BRA"]

1. e4 c6 2. d4 d5 3. Nc3 dxe4 4. Nxe4 Bf5 5. Ng3 Bg6 6. Nf3 Nd7 7. h4 h6 8. h5
Bh7 9. Bd3 Bxd3 10. Qxd3 e6 11. Bf4 Qa5+ 12. Bd2 Bb4 13. c3 Be7 14. c4 Qc7 15.
O-O-O Ngf6 16. Kb1 O-O 17. Qe2 Rfe8 18. Ne5 c5 19. Bc3 cxd4 20. Bxd4 Nxe5 21.
Bxe5 Qc6 22. Bxf6 Bxf6 23. Ne4 Be7 24. f3 Rac8 25. Rc1 f5 26. Nf2 Bg5 27. Rc2
e5 28. Rd1 e4 29. fxe4 fxe4 30. Nh3 Bf6 31. Nf4 e3 32. Rd5 Re4 33. Rf5 Rxc4 34.
Rxc4 Qxc4 35. Qxc4+ Rxc4 36. g3 Rd4 37. Rc5 Rxf4  0-1

[Event "87o Campeonato Brasileiro Absoluto Final Aberta"]
[Site "Cuiaba MT"]
[Date "2021.10.30"]
[Round "4"]
[Board "8"]
[White "Rodrigues, Edgar"]
[Black "Nemeth Junior, Henrique"]
[Result "1-0"]
[WhiteElo "2339"]
[BlackElo "2056"]
[PlyCount "113"]
[EventDate "2021.10.28"]
[EventRounds "11"]
[EventCountry "BRA"]

1. d4 Nf6 2. c4 e6 3. Nc3 Bb4 4. e3 O-O 5. Bd3 d5 6. cxd5 exd5 7. Nge2 c6 8.
O-O Re8 9. Ng3 Nbd7 10. a3 Bd6 11. Nf5 Bc7 12. b4 a6 13. f4 Ne4 14. Nxe4 dxe4
15. Bb1 Nf6 16. Ng3 Bg4 17. Qe1 h5 18. h3 Bd7 19. Bd2 h4 20. Ne2 Nh5 21. Qf2
Qf6 22. Rc1 Bd8 23. Rc5 Bf5 24. Ba2 Qg6 25. Kh2 Be7 26. Re5 Bf6 27. Rc5 Be7 28.
Rc2 Rad8 29. Rg1 Qh6 30. Be1 Kf8 31. Qf1 g5 32. fxg5 Bd6+ 33. Kh1 Qxg5 34. Bxh4
Qxh4 35. Qxf5 Re7 36. g3 Ng7 37. Qf1 Qh7 38. Nf4 Nf5 39. Re2 Ke8 40. g4 Ng7 41.
Rf2 Kd7 42. d5 c5 43. bxc5 Bxc5 44. d6 Kxd6 45. Nd5 Ne6 46. Rf5 Rc8 47. Qg2 Rh8
48. Qh2+ Kc6 49. Nxe7+ Bxe7 50. Rc1+ Kb6 51. Qb2+ Ka7 52. Rh5 Bxa3 53. Qxa3 Qg7
54. Bxe6 Rxh5 55. gxh5 Qg3 56. Qc5+ Kb8 57. Bg4  1-0